Focus on Health (Record no. 609211)

000 -LEADER
fixed length control field 00366nam a22001457a 4500
020 ## - INTERNATIONAL STANDARD BOOK NUMBER
International Standard Book Number 9780072467352
040 ## - CATALOGING SOURCE
Transcribing agency nust
082 ## - DEWEY DECIMAL CLASSIFICATION NUMBER
Edition number 6th Edition
Classification number 613
Author Mark HAH
100 ## - MAIN ENTRY--PERSONAL NAME
Personal name Hahn. B Dale
9 (RLIN) 122771
110 ## - MAIN ENTRY--CORPORATE NAME
Corporate name or jurisdiction name as entry element Payne. A Wayne
9 (RLIN) 122772
245 ## - TITLE STATEMENT
Title Focus on Health
260 ## - PUBLICATION, DISTRIBUTION, ETC.
Place of publication, distribution, etc. New York:
Name of publisher, distributor, etc. McGraw- Hill,
Date of publication, distribution, etc. 2003.
650 ## - SUBJECT ADDED ENTRY--TOPICAL TERM
Topical term or geographic name entry element Focus on Health
9 (RLIN) 122773
942 ## - ADDED ENTRY ELEMENTS (KOHA)
Source of classification or shelving scheme
Koha item type Book
Holdings
Withdrawn status Lost status Source of classification or shelving scheme Damaged status Not for loan Permanent Location Current Location Shelving location Date acquired Full call number Barcode Date last seen Price effective from Koha item type Public note
          College of Electrical & Mechanical Engineering (CEME) College of Electrical & Mechanical Engineering (CEME) General Stacks 05/21/2024 613 HAH CEME- 41017 05/21/2024 05/21/2024 Book 4.0
© 2023 Central Library, National University of Sciences and Technology. All Rights Reserved.